Statistics for Famous Mexicans Quiz

Click here to take the quiz!

General Stats

  • This quiz has been taken 8,813 times
    (3,222 since last reset)
  • The average score is 9 of 20

Answer Stats

Clue Answer % Correct
Famous painter named FridaFrida Kahlo
85%
Star of "Frida", the movieSalma Hayek
71%
"Pan's Labyrinth" director, no
relation to actor Benicio
Guillermo del Toro
66%
Chong's partnerCheech Marin
61%
"Oye Como Va" guitaristCarlos Santana
58%
Revolutionary whose followers
were called Zapatistas
Emiliano Zapata
54%
One name singer, killed in 1995Selena
48%
Aztec emperor killed in 1520Moctezuma II
47%
President of Mexico, 2018-Andrés Manuel
López Obrador
46%
"Saved by the Bell" starMario Lopez
42%
President of Mexico, 2000-2006Vicente Fox
41%
Mexican general who raided
the U.S. in 1916
Pancho Villa
40%
Frida's husband - he painted muralsDiego Rivera
40%
World's richest person, 2010-2013Carlos Slim
39%
Fought for the rights of
U.S. farm workers
César Chávez
34%
Former New York Jets quarterbackMark Sanchez
31%
Star of "Motorcycle Diaries" and
"Y tu mamá también"
Gael García Bernal
26%
President of Mexico, 2012-2018Enrique Peña Nieto
21%
Star of "Stand and Deliver" and
"Battlestar Galactica"
Edward James
Olmos
21%
Priest who led Mexico to
independence
Miguel Hidalgo
16%

Score Distribution

Percentile by Number Answered

Percent of People with Each Score

Your Score History

You have not taken this quiz since the last reset